000 00745nam a2200205Ii 4500
003 JO-AjNU
008 230605s9999||||xx |||||||||||||| ||und||
040 _aJO-AjNU
_bara
_erda
_cJO-AjNU
041 _aara
050 1 4 _aDS49.2019
100 3 _aتأليف: الكتري، بحري احمد,
_eauthor
_960750
245 0 0 _aجغرافية الوطن العربي
250 _aالطبعة الاولي
264 3 1 _aعمان:دار صفاء للنشر والتوزيع، 2019
300 _a292ص
_b ويحتوي على قائمة مراجع من ص289ص- 292ص
336 _atext
_btxt
_2rdacontent
337 _aunmediated
_bn
_2rdamedia
338 _avolume
_bnc
_2rdacarrier
650 4 _aالوطن العربي - جغرافيا
_960751
999 _aA27415
_c30983
_d30983